Who moved my soap? <the> CEO's guide to surviving in prison

Gespeichert in:
Bibliographische Detailangaben
1. Verfasser: Borowitz, Andy
Format: Buch
Sprache:Englisch
Veröffentlicht: New York Simon & Schuster 2003
Schlagworte:
Tags: Tag hinzufügen
Keine Tags, Fügen Sie das erste Tag hinzu!

MARC

LEADER 00000nam$a2200000$$$4500
001 0019382
005 20240306135353.0
020 |a 0-7432-5142-3 
041 0 |a eng 
044 |a US 
245 1 0 |a Who moved my soap?  |b <the> CEO's guide to surviving in prison  |c Andy Borowitz 
264 1 |a New York  |b Simon & Schuster  |c 2003 
300 |a 84 s. 
610 2 0 |a komunikácia 
610 2 0 |a resocializácia 
610 2 0 |a správanie sociálne 
100 1 |a Borowitz, Andy